Jump and croak: (Record no. 7182)
[ view plain ]
| 000 -LEADER | |
|---|---|
| fixed length control field | 01092nam a22002657a 4500 |
| 001 - CONTROL NUMBER | |
| control field | 7182 |
| 003 - CONTROL NUMBER IDENTIFIER | |
| control field | FISKH |
| 005 - DATE AND TIME OF LATEST TRANSACTION | |
| control field | 20250701144343.0 |
| 008 - FIXED-LENGTH DATA ELEMENTS--GENERAL INFORMATION | |
| fixed length control field | 250701b cb ||||| |||| 00| 0 eng d |
| 020 ## - INTERNATIONAL STANDARD BOOK NUMBER | |
| International Standard Book Number | 9780545167314 |
| 040 ## - CATALOGING SOURCE | |
| Original cataloging agency | FISKH |
| Language of cataloging | eng |
| Transcribing agency | FISKH |
| Modifying agency | FISKH |
| 050 ## - LIBRARY OF CONGRESS CALL NUMBER | |
| Classification number | PZ7 |
| 082 ## - DEWEY DECIMAL CLASSIFICATION NUMBER | |
| Classification number | 598.07 |
| 100 ## - MAIN ENTRY--PERSONAL NAME | |
| Personal name | Nelson, May |
| 245 ## - TITLE STATEMENT | |
| Title | Jump and croak: |
| Remainder of title | Frogs / |
| Statement of responsibility, etc. | by May Nelson |
| 260 ## - PUBLICATION, DISTRIBUTION, ETC. | |
| Place of publication, distribution, etc. | New York : |
| Name of publisher, distributor, etc. | Weldon Owen, |
| Date of publication, distribution, etc. | 2009. |
| 300 ## - PHYSICAL DESCRIPTION | |
| Extent | 28 pages : |
| Other physical details | color illustrations ; |
| Dimensions | 22 cm |
| 505 ## - FORMATTED CONTENTS NOTE | |
| Formatted contents note | G<br/> |
| 520 ## - SUMMARY, ETC. | |
| Summary, etc. | A nonfiction early reader exploring the life cycle of frogs. Readers discover how frogs begin life as eggs, develop into tadpoles (learning to breathe underwater), metamorphose into adult frogs with lungs and strong legs, and ultimately leap and swim with ease. Engaging photos, captions, and simple explanations reinforce scientific concepts for early elementary students |
| 521 8# - TARGET AUDIENCE NOTE | |
| Target audience note | 330<br/> |
| Source | Lexile IG<br/> |
| 521 8# - TARGET AUDIENCE NOTE | |
| Target audience note | Raz-Plus<br/> |
| 650 ## - SUBJECT ADDED ENTRY--TOPICAL TERM | |
| Topical term or geographic name entry element | Frog life cycle |
| Form subdivision | Nonfiction science |
| General subdivision | Amphibian biology |
| Chronological subdivision | Tadpoles |
| 942 ## - ADDED ENTRY ELEMENTS (KOHA) | |
| Source of classification or shelving scheme | Dewey Decimal Classification |
| Koha item type | Books |
| Suppress in OPAC | No |
| Withdrawn status | Lost status | Source of classification or shelving scheme | Damaged status | Not for loan | Collection | Home library | Current library | Shelving location | Date acquired | Total Checkouts | Full call number | Barcode | Date last seen | Copy number | Price effective from | Koha item type |
|---|---|---|---|---|---|---|---|---|---|---|---|---|---|---|---|---|
| Dewey Decimal Classification | Non-Fiction | Footprints International School Library Network Toul Kork Campus | Footprints International School Library Network Toul Kork Campus | TK Primary Library Room(4th Floor), Bookcase 7, Shelves 57-60, Dark Green Books | 07/01/2025 | NEL 598.07 PZ7 | FISTK03632 | 07/01/2025 | 1 | 07/01/2025 | Books |
